Statistics for Circle Underground Stations

Click here to take the quiz!

General Stats

  • This quiz has been taken 3 times
  • The average score is 23 of 34

Answer Stats

Station% Correct
Baker Street
100%
Barbican
100%
Bayswater
100%
Great Portland
100%
King's Cross St. Pancras
100%
Moorgate
100%
Aldgate
67%
Cannon Street
67%
Edgware Road
67%
Embankment
67%
Euston Square
67%
Gloucester Road
67%
Goldhawk Road
67%
Hammersmith
67%
High Street Kensington
67%
Ladbroke Grove
67%
Latimer Road
67%
Liverpool Street
67%
Mansion House
67%
Monument
67%
Paddington
67%
Royal Oak
67%
Shepherd's Bush
67%
Sloane Square
67%
South Kensington
67%
Temple
67%
Tower Hill
67%
Victoria
67%
Westbourne Park
67%
Westminster
67%
Wood lane
67%
Farrington
33%
St. James' Park
33%
Blackfliars
0%

Score Distribution

Percentile by Number Answered

Percent of People with Each Score

Your Score History

You have not taken this quiz